000 00602nam a22001811a 4500
005 20110718133350.0
008 091005s1990 cou 001 0 eng d
020 _c0.00
040 _aNEGST Library - Kenya
050 4 _aBS 325.T63 1990
082 0 _aBS 325.T63 1990
100 1 _aInternational Bible Society.
245 1 0 _aDipoompondi Takaldau.
260 _aColorado Springs, Colorado :
_bInternational Bible Soci,
_c1990.
300 _a506 p. : ill., m.
500 _a"Nouveau Testament en n'tcham (bassar)." - T.p. verso. [Africana]
852 _94.00
999 _c40826
_d40826